000 00448nam a22001937a 4500
003 bpm
005 20260427085314.0
008 260427b |||||||| |||| 00| p spa d
024 _aS. C. C. / M. C. y E. M.:
040 _aAR-CtUCP
041 _aspa
080 _aCDU
100 _aZalazar Tony
245 _aSer de ruido
260 _aResistencia
_bAnanga Ranga
_c2007
650 _aLiteratura - Poesía
942 _cLIB
999 _c76689
_d76689